Η ατμοσφαιρική ρύπανση στην Αθήνα : έκθεση 2003 τμήμα ποιότητας ατμόσφαιρας

Αποθηκεύτηκε σε:
Λεπτομέρειες βιβλιογραφικής εγγραφής
Συγγραφή απο Οργανισμό/Αρχή: Ελλάς Υπουργείο Περιβάλλοντος Χωροταξίας και Δημοσίων Έργων
Μορφή: Βιβλίο
Γλώσσα:Greek
Δημοσίευση: [χ.τ.] : ΥΠΕΧΩΔΕ, 2004
Θέματα:
Ετικέτες: Προσθήκη ετικέτας
Δεν υπάρχουν, Καταχωρήστε ετικέτα πρώτοι!

MARC

LEADER 00000cam a2200000 i 4500
001 1/25203
008 060227s2004 gre d
035 |l 10082856 
040 |a GR-MY-UA  |b gre  |e aacr 
041 0 |a gre 
082 0 |a 363.73920949512  |2 (22) 
110 1 |a Ελλάς  |b Υπουργείο Περιβάλλοντος Χωροταξίας και Δημοσίων Έργων. 
245 1 2 |a Η ατμοσφαιρική ρύπανση στην Αθήνα :  |b έκθεση 2003 τμήμα ποιότητας ατμόσφαιρας /  |c ΥΠΕΧΩΔΕ Γεν. Δ/νση Περιβάλλοντος Δ/νση ΕΑΡΘ 
260 |a [χ.τ.] :   |b ΥΠΕΧΩΔΕ,   |c 2004 
300 |a 60 σ.;  |b εικ., χαρτ., διαγρ., πιν.;  |c 29 εκ. 
500 |a Περιέχετε ένα ενημερωτικό φυλλάδιο με τον τίτλο: "Air quality in the greater Athens area" 
650 0 0 |a Air  |x Pollution  |z Greece  |z Athens. 
852 |a INST  |b LESVOS  |e 20060227  |h 363.73920949512 ΥΠΕ  |p 005100034623  |q 005100034623  |t BK  |y 0 
901 |a BIBL1-2006-1 
909 |a Λ  |b 125996 
970 |a ΚΑΡΑ  |b ΓΙΑΣΕΜΗ  |z 2006/02/27